Armstrongs essential: human resource management practice (Record no. 142574)

MARC details
000 -LEADER
fixed length control field 00842nam a2200313Ia 4500
003 - CONTROL NUMBER IDENTIFIER
control field OSt
005 - DATE AND TIME OF LATEST TRANSACTION
control field 20230425121116.0
008 - FIXED-LENGTH DATA ELEMENTS--GENERAL INFORMATION
fixed length control field 210210b2010 xxu||||| |||| 00| 0 eng d
020 ## - INTERNATIONAL STANDARD BOOK NUMBER
International Standard Book Number 9780749459895
040 ## - CATALOGING SOURCE
Transcribing agency AL
041 ## - LANGUAGE CODE
Language code of text/sound track or separate title eng
082 ## - DEWEY DECIMAL CLASSIFICATION NUMBER
Edition number 23
Classification number 658.3
Item number ARMA
100 ## - MAIN ENTRY--PERSONAL NAME
Personal name ARMSTRONG (Michael)
9 (RLIN) 53630
245 ## - TITLE STATEMENT
Title Armstrongs essential: human resource management practice
Remainder of title Guide to people management
260 ## - PUBLICATION, DISTRIBUTION, ETC.
Place of publication, distribution, etc. London
Name of publisher, distributor, etc. Kogan Page
Date of publication, distribution, etc. 2010
300 ## - PHYSICAL DESCRIPTION
Extent viii,424
650 ## - SUBJECT ADDED ENTRY--TOPICAL TERM
Topical term or geographic name entry element to
9 (RLIN) 53631
650 ## - SUBJECT ADDED ENTRY--TOPICAL TERM
Topical term or geographic name entry element resource
9 (RLIN) 53632
650 ## - SUBJECT ADDED ENTRY--TOPICAL TERM
Topical term or geographic name entry element practice
9 (RLIN) 53633
650 ## - SUBJECT ADDED ENTRY--TOPICAL TERM
Topical term or geographic name entry element people
9 (RLIN) 53634
650 ## - SUBJECT ADDED ENTRY--TOPICAL TERM
Topical term or geographic name entry element management
9 (RLIN) 53635
650 ## - SUBJECT ADDED ENTRY--TOPICAL TERM
Topical term or geographic name entry element human
9 (RLIN) 53636
650 ## - SUBJECT ADDED ENTRY--TOPICAL TERM
Topical term or geographic name entry element Guide
9 (RLIN) 53637
650 ## - SUBJECT ADDED ENTRY--TOPICAL TERM
Topical term or geographic name entry element essential:
9 (RLIN) 53638
650 ## - SUBJECT ADDED ENTRY--TOPICAL TERM
Topical term or geographic name entry element Armstrongs
9 (RLIN) 53639
690 ## - LOCAL SUBJECT ADDED ENTRY--TOPICAL TERM (OCLC, RLIN)
Topical term or geographic name as entry element Human Resource Management
9 (RLIN) 53640
906 ## - LOCAL DATA ELEMENT F, LDF (RLIN)
a 065272
942 ## - ADDED ENTRY ELEMENTS (KOHA)
Source of classification or shelving scheme Dewey Decimal Classification
Koha item type Book
Holdings
Withdrawn status Lost status Source of classification or shelving scheme Damaged status Not for loan Collection code Home library Current library Date acquired Source of acquisition Cost, normal purchase price Total Checkouts Full call number Barcode Date last seen Price effective from Koha item type
    Dewey Decimal Classification     Commerce St Aloysius Library St Aloysius Library 02/17/2021 Intact Bookhouse Pvt Ltd 495.00   658.3 ARMA 065272 02/17/2021 02/17/2021 Book
          M Com St Aloysius PG Library St Aloysius PG Library 02/16/2013 Jupiter 495.00   658.3 ARMM PG007499 08/24/2022 04/26/2021 Book